Manet and modern beauty : the artist's last years

"An examination of the last years of the artist Édouard Manet's life and work"

Saved in:
Bibliographic Details
Main Authors: Manet, Edouard (KünstlerIn)
Allan, Scott (Editor, HerausgeberIn, VerfasserIn)
Beeny, Emily A. (Editor, HerausgeberIn, VerfasserIn)
Groom, Gloria (Editor, HerausgeberIn, VerfasserIn)
Alsdorf, Bridget (VerfasserIn)
Armstrong, Carol (VerfasserIn)
Corporate Authors: J. Paul Getty Museum (VeranstalterIn)
Art Institute of Chicago (VeranstalterIn)
Document Type: Book
Language:English
Published: Los Angeles : The J. Paul Getty Museum , [2019]
[Chicago] : The Art Institute of Chicago , [2019]
Subjects:
Online Access:Inhaltsverzeichnis
Inhaltsverzeichnis
https://shop.getty.edu/collections/books-media/products/manet-and-modern-beauty-br-the-artist-s-last-years-978-1606066041
Inhaltsbeschreibung
Related Items:Rezensiert in: Manet and modern beauty
Author Notes:edited by Scott Allan, Emily A. Beeny, Gloria Groom ; essays by Scott Allan, Bridget Alsdorf, Carol Armstrong [und 7 weiteren]
LEADER 05737cam a2200937 c 4500
001 166390085X
003 DE-627
005 20260611211246.0
007 tu
008 190430s2019 xxu||||| c 00| ||eng c
010 |a  2018050529 
020 |a 9781606066041  |q hardcover  |9 978-1-60606-604-1 
024 3 |a 9781606066041 
035 |a (DE-627)166390085X 
035 |a (DE-603)452018013 
035 |a (DE-599)KXP166390085X 
035 |a (OCoLC)1108326337 
035 |a (OCoLC)1061863970 
040 |a DE-627  |b ger  |c DE-627  |e rda 
041 |a eng 
044 |c XD-US 
050 0 |a N6853.M233 
082 0 |a 759.4  |q LOC 
084 |a KUNST  |q DE-16  |2 fid 
084 |a LI 56030  |q DE-14/sred  |2 rvk  |0 (DE-625)rvk/96559: 
084 |a 20.31  |2 bkl 
084 |a 21.02  |2 bkl 
100 1 |a Manet, Edouard  |d 1832-1883  |e KünstlerIn  |0 (DE-588)11857700X  |0 (DE-627)079371973  |0 (DE-576)162116357  |4 art 
245 1 0 |a Manet and modern beauty  |b the artist's last years  |c edited by Scott Allan, Emily A. Beeny, Gloria Groom ; essays by Scott Allan, Bridget Alsdorf, Carol Armstrong [und 7 weiteren] 
264 1 |a Los Angeles  |b The J. Paul Getty Museum  |c [2019] 
264 1 |a [Chicago]  |b The Art Institute of Chicago  |c [2019] 
264 4 |c © 2019 
300 |a xv, 384 Seiten 
336 |a unbewegtes Bild  |b sti  |2 rdacontent 
336 |a Text  |b txt  |2 rdacontent 
337 |a ohne Hilfsmittel zu benutzen  |b n  |2 rdamedia 
338 |a Band  |b nc  |2 rdacarrier 
500 |a Rückseite Titelblatt: "This publication is issued on the occasion of the exhibition Manet and modern beauty: The Artist's Last Years, on view at the Art Institute of Chicago from May 26 to September 8, 2019, and at the J. Paul Getty Museum at the Getty Center, Los Angeles, from October 8, 2019, to January 12, 2020." 
500 |a Literaturverzeichnis: Seite 343-371 
500 |a Ausstellungsverzeichnis: Seite 324-342 und Register 
520 |a "An examination of the last years of the artist Édouard Manet's life and work" 
583 1 |a Archivierung/Langzeitarchivierung gewährleistet  |f FID  |x XA-DE-BW  |2 pdager  |5 DE-16 
583 1 |a Archivierung/Langzeitarchivierung gewährleistet  |f SLG  |z Frankreichforschung  |2 pdager  |5 DE-77 
600 1 0 |a Manet, Édouard  |d 1832-1883  |v Exhibitions 
600 1 0 |a Manet, Édouard  |d 1832-1883  |x Criticism and interpretation 
600 1 7 |0 (DE-588)11857700X  |0 (DE-627)079371973  |0 (DE-576)162116357  |a Manet, Edouard  |d 1832-1883  |2 gnd 
648 7 |a Geschichte 1878-1883  |2 gnd 
650 0 7 |0 (DE-588)4037220-0  |0 (DE-627)10623871X  |0 (DE-576)209022892  |a Malerei  |2 gnd 
655 7 |a Bildband  |0 (DE-588)4145395-5  |0 (DE-627)104450835  |0 (DE-576)209741139  |2 gnd-content 
655 7 |a Ausstellungskatalog  |x The Art Institute of Chicago  |y 26.05.2019-08.09.2019  |z Chicago, Ill.  |0 (DE-588)4135467-9  |0 (DE-627)10566491X  |0 (DE-576)209660988  |2 gnd-content 
655 7 |a Ausstellungskatalog  |x J. Paul Getty Museum  |y 08.10.2019-12.01.2020  |z Los Angeles, Calif.  |0 (DE-588)4135467-9  |0 (DE-627)10566491X  |0 (DE-576)209660988  |2 gnd-content 
655 7 |a Ausstellungskatalog  |y 26.05.2019-08.09.2019  |z Chicago  |0 (DE-588)4135467-9  |0 (DE-627)10566491X  |0 (DE-576)209660988  |2 gnd-content 
655 7 |a Ausstellungskatalog  |y 08.10.2019-12.01.2020  |z Los Angeles  |0 (DE-588)4135467-9  |0 (DE-627)10566491X  |0 (DE-576)209660988  |2 gnd-content 
689 0 0 |d p  |0 (DE-588)11857700X  |0 (DE-627)079371973  |0 (DE-576)162116357  |a Manet, Edouard  |d 1832-1883  |2 gnd 
689 0 1 |d s  |0 (DE-588)4037220-0  |0 (DE-627)10623871X  |0 (DE-576)209022892  |a Malerei  |2 gnd 
689 0 2 |a z  |2 gnd  |a Geschichte 1878-1883 
689 0 |5 (DE-627) 
700 1 |a Allan, Scott  |d 1975-  |e HerausgeberIn  |e VerfasserIn  |0 (DE-588)141681306  |0 (DE-627)630824991  |0 (DE-576)325334412  |4 edt  |4 aut 
700 1 |a Beeny, Emily A.  |d 1982-  |e HerausgeberIn  |e VerfasserIn  |0 (DE-588)1110600585  |0 (DE-627)865142793  |0 (DE-576)475763335  |4 edt  |4 aut 
700 1 |a Groom, Gloria  |d 1954-  |e HerausgeberIn  |e VerfasserIn  |0 (DE-588)1028972237  |0 (DE-627)73206788X  |0 (DE-576)171509005  |4 edt  |4 aut 
700 1 |8 1\p  |a Alsdorf, Bridget  |d 1977-  |e VerfasserIn  |0 (DE-588)1256455636  |0 (DE-627)1800566816  |4 aut 
700 1 |a Armstrong, Carol  |d 1955-  |e VerfasserIn  |0 (DE-588)122882369  |0 (DE-627)082212686  |0 (DE-576)257358692  |4 aut 
710 2 |a J. Paul Getty Museum  |e VeranstalterIn  |0 (DE-588)19128-0  |0 (DE-627)100589723  |0 (DE-576)19027591X  |4 orm  |4 his 
710 2 |a Art Institute of Chicago  |e VeranstalterIn  |0 (DE-588)1004734-7  |0 (DE-627)103042407  |0 (DE-576)191158054  |4 orm  |4 his 
787 0 8 |i Rezensiert in  |a Ostergaard, Tyler E.  |t Manet and modern beauty  |d 2020  |w (DE-627)1754795501 
856 4 2 |u https://swbplus.bsz-bw.de/bsz166390085Xinh.htm  |m V:DE-576;B:DE-16  |q application/pdf  |v 20190802153108  |3 Inhaltsverzeichnis  |7 1 
856 4 2 |u http://swbplus.bsz-bw.de/bsz166390085Xinh.htm  |m V:DE-576;B:DE-16  |q application/pdf  |3 Inhaltsverzeichnis  |7 1 
856 4 2 |u https://shop.getty.edu/collections/books-media/products/manet-and-modern-beauty-br-the-artist-s-last-years-978-1606066041  |q application  |7 1 
856 4 2 |u https://shop.getty.edu/collections/books-media/products/manet-and-modern-beauty-br-the-artist-s-last-years-978-1606066041  |q application  |x Verlag  |y Inhaltsbeschreibung  |7 1 
883 |8 1\p  |a cgwrk  |d 20241001  |q DE-101  |u https://d-nb.info/provenance/plan#cgwrk 
935 |a MZFRA 
936 r v |a LI 56030  |b Manet, Edouard  |k Kunstgeschichte  |k Künstler-Monografien  |k Alphabetische Künstlerliste  |k Künstler M  |k Manet, Edouard  |0 (DE-627)1271135558  |0 (DE-625)rvk/96559:  |0 (DE-576)201135558 
936 b k |a 20.31  |j Bildende Künstler  |0 (DE-627)181571080 
936 b k |a 21.02  |j Geschichte der Malerei  |0 (DE-627)106406698 
936 s n |a l300  |2 mzub 
951 |a BO 
990 |a Manet, Edouard 
990 |a Malerei 
990 |a Geschichte 1878-1883 
991 |a Rezensiertes Werk 
999 |a KXP-PPN166390085X  |e 4635345718